Fundamental problems in the theory of stellar evolution : symposium no. 93 held at Kyoto University, Kyoto, Japan, July 22-25, 1980 /

Bibliographic Details
Corporate Authors: International Astronomical Union, International Astronomical Union. Commission 35, International Astronomical Union. Commission 42
Other Authors: Sugimoto, Daiichirō, 1937-, Lamb, Donald Q., Schramm, David N.
Format: Book
Language:English
Published: Dordrecht, Holland ; Boston : D. Reidel Pub. Co. ; [1981]
Series:Symposium / International Astronomical Union ; no. 93
Subjects:

MARC

Tag First Indicator Second Indicator Subfields
LEADER 00000pam a2200000 a 4500
001 in00000077887
005 20151008055046.0
008 810401s1981 ne a b 10100 eng
010 |a  81004057  
020 |a 9027712735 
035 |a (OCoLC)07464620 
035 |9 AAJ2437AM 
039 0 |a 2  |b 3  |c 3  |d 3  |e 3 
040 |a DLC  |c DLC  |d TXA  |d UtOrBLW 
049 |a TXAM  |c [1195171] 
050 0 0 |a QB806  |b .F86 
082 0 |a 521/.58  |2 19 
245 0 0 |a Fundamental problems in the theory of stellar evolution :  |b symposium no. 93 held at Kyoto University, Kyoto, Japan, July 22-25, 1980 /  |c edited by Daiichiro Sugimoto, Donald Q. Lamb, and David N. Schramm. 
264 1 |a Dordrecht, Holland ;  |a Boston :  |b D. Reidel Pub. Co. ;  |c [1981] 
264 2 |a Hingham, MA :  |b Sold and distributed in the U.S.A. and Canada by Kluwer Boston, 
264 4 |c ©1981 
300 |a xv, 347 pages :  |b illustrations ;  |c 25 cm. 
336 |a text  |b txt  |2 rdacontent 
337 |a unmediated  |b n  |2 rdamedia 
338 |a volume  |b nc  |2 rdacarrier 
490 1 |a Symposium / International Astronomical Union ;  |v no. 93 
500 |a At head of title: International Astronomical Union, Union Astronomique Internationale. 
500 |a Sponsored by IAU Commission 35 on Stellar Constitution and by Commission 42 on Close Binary Stars. 
504 |a Includes bibliographies and indexes. 
650 0 |a Stars  |x Evolution  |v Congresses. 
700 1 |a Sugimoto, Daiichirō,  |d 1937- 
700 1 |a Lamb, Donald Q. 
700 1 |a Schramm, David N. 
710 2 |a International Astronomical Union. 
710 2 |a International Astronomical Union.  |b Commission 35. 
710 2 |a International Astronomical Union.  |b Commission 42. 
810 2 |a International Astronomical Union.  |t Symposium ;  |v no. 93. 
999 |a MARS 
999 f f |s 9a25833f-a689-34cf-9083-65c9407d4925  |i 9a7f5ca0-f6d6-33ff-b9f1-c8f9cd8ea328  |t 0 
952 f f |p ric  |a Texas A&M University  |b Rellis Campus  |c Joint Library Facility  |d Remote Storage  |t 0  |e QB806 .F86  |h Library of Congress classification  |i unmediated -- volume  |m A14806206766 
998 f f |a QB806 .F86  |t 0  |l Remote Storage